<?xml version="1.0" encoding="UTF-8"?>
<record
    xmlns:xsi="http://www.w3.org/2001/XMLSchema-instance"
    xsi:schemaLocation="http://www.loc.gov/MARC21/slim http://www.loc.gov/standards/marcxml/schema/MARC21slim.xsd"
    xmlns="http://www.loc.gov/MARC21/slim">

  <leader>03318    a2200337   4500</leader>
  <datafield tag="240" ind1=" " ind2=" ">
    <subfield code="a">Analyse des dispositifs de formation des producteurs ruraux dans les Sous-Pr&#xE9;fectures d'Adjohoun et de Bonou (D&#xE9;partement de l'Ou&#xE9;m&#xE9;)</subfield>
  </datafield>
  <datafield tag="502" ind1=" " ind2=" ">
    <subfield code="a">Th&#xE8;se pour l'obtention du Dipl&#xF4;me d'Ing&#xE9;nieur Agronome</subfield>
  </datafield>
  <datafield tag="260" ind1=" " ind2=" ">
    <subfield code="a">Abomey-Calavi</subfield>
  </datafield>
  <datafield tag="653" ind1="1" ind2=" ">
    <subfield code="a">Economie, Socio-Anthropologie et Communication pour le D&#xE9;veloppement Rural</subfield>
  </datafield>
  <datafield tag="100" ind1=" " ind2=" ">
    <subfield code="a">ASSOGBA, Sonagnon Claude-Gervais</subfield>
  </datafield>
  <datafield tag="041" ind1=" " ind2=" ">
    <subfield code="b">En</subfield>
  </datafield>
  <datafield tag="260" ind1=" " ind2=" ">
    <subfield code="b">FSA/UAC</subfield>
  </datafield>
  <datafield tag="300" ind1=" " ind2=" ">
    <subfield code="a">XXIV-170 p.</subfield>
  </datafield>
  <datafield tag="245" ind1=" " ind2=" ">
    <subfield code="a">Analysis of rural producers training system in Adjohoun and Bonou Districts (Ou&#xE9;m&#xE9; Department)</subfield>
  </datafield>
  <datafield tag="650" ind1=" " ind2=" ">
    <subfield code="a">FORMATION</subfield>
  </datafield>
  <datafield tag="650" ind1=" " ind2=" ">
    <subfield code="a">PRODUCTEUR</subfield>
  </datafield>
  <datafield tag="650" ind1=" " ind2=" ">
    <subfield code="a">ZONE RURALE</subfield>
  </datafield>
  <datafield tag="260" ind1=" " ind2=" ">
    <subfield code="c">20 D&#xE9;cembre 2002</subfield>
  </datafield>
  <datafield tag="300" ind1=" " ind2=" ">
    <subfield code="b">29 cm</subfield>
  </datafield>
  <datafield tag="130" ind1=" " ind2=" ">
    <subfield code="l">Fr</subfield>
  </datafield>
  <datafield tag="710" ind1=" " ind2=" ">
    <subfield code="a">Abomey-Calavi, Universit&#xE9; d'Abomey-Calavi, Facult&#xE9; des Sciences Agronomiques, Bj</subfield>
  </datafield>
  <datafield tag="651" ind1=" " ind2=" ">
    <subfield code="a">BONOU</subfield>
  </datafield>
  <datafield tag="651" ind1=" " ind2=" ">
    <subfield code="a">ADJOHOUN</subfield>
  </datafield>
  <datafield tag="041" ind1=" " ind2=" ">
    <subfield code="b">FR</subfield>
  </datafield>
  <datafield tag="041" ind1=" " ind2=" ">
    <subfield code="b">En</subfield>
  </datafield>
  <datafield tag="653" ind1=" " ind2="1">
    <subfield code="a">Economie, Socio-Anthropologie et Communication pour le D&#xE9;veloppement Rural</subfield>
  </datafield>
  <datafield tag="651" ind1=" " ind2=" ">
    <subfield code="a">BENIN</subfield>
  </datafield>
  <datafield tag="520" ind1=" " ind2=" ">
    <subfield code="a">L'agriculture repr&#xE9;sente le v&#xE9;ritable moteur de l'&#xE9;conomie du B&#xE9;nin. Ceci justifie le souci permanent de l'Etat, depuis des d&#xE9;cennies, de rendre ce secteur florissant par des actions orient&#xE9;es vers les producteurs. Le profil de producteur que l'Etat tente de former est d&#xE9;fini par la politique de d&#xE9;veloppement adopt&#xE9;e. L'un des principaux outils &#xE0; cette fin est la formation. Avant 1990, les politiques de d&#xE9;veloppement adopt&#xE9;e &#xE9;taient bas&#xE9;es sur une participation passive ou informative des producteurs aux prises de d&#xE9;cisions qui engagent leur destin&#xE9;e. A partir de 1990, avec l'orientation d&#xE9;mocratique et lib&#xE9;rale prise par le pays, le contenu du concept de la participation des producteurs connut une &#xE9;volution. De la participation passive des producteurs aux prises de d&#xE9;cisions, on tend progressivement vers une nouvelle forme de participation : la participation interactive. Les actions en direction des producteurs en g&#xE9;n&#xE9;ral et la formation en particulier doivent de ce fait promouvoir une participation active des producteurs &#xE0; toutes les &#xE9;tapes de leur mise en oeuvre. L'&#xE9;tude , &#xE0; travers le th&#xE8;me analyse des dispositifs de formation des producteurs ruraux, vise une connaissance approfondie des dispositifs de formation des producteurs ruraux en vue de faire des recommandations pertinentes quant aux am&#xE9;liorations &#xE0; leur apporter. Les consid&#xE9;rations th&#xE9;oriques qui ont servi de fil conducteur pour la conduite des travaux sont celles relatives &#xE0; l'&#xE9;ducation des adultes et la d&#xE9;marche d'ing&#xE9;nierie  des dispositifs de formation. Ces consid&#xE9;rations th&#xE9;oriques ainsi que les objectifs  et les hypoth&#xE8;des d'&#xE9;tude nous ont amen&#xE9; &#xE0; faire l'option d'une m&#xE9;thodologie principalement qualitative.  Les outils de collecte utilis&#xE9;s sont principalement les interviews structur&#xE9;es, semi-structur&#xE9;es et les observations participantes. Une formation, pour &#xEA;tre efficace, doit r&#xE9;pondre aux besoins des producteurs, se baser sur les m&#xE9;thodes d'apprentissage compatibles &#xE0; l'&#xE9;ducation des adultes , utiliser des ressources humaines comp&#xE9;tentes et mettre en place un dispositif d'accompagnement ad&#xE9;quat.</subfield>
  </datafield>
  <datafield tag="690" ind1=" " ind2=" ">
    <subfield code="a">ORGANISATION PAYSANNE</subfield>
  </datafield>
  <datafield tag="999" ind1=" " ind2=" ">
    <subfield code="c">30849</subfield>
    <subfield code="d">30849</subfield>
  </datafield>
  <datafield tag="952" ind1=" " ind2=" ">
    <subfield code="0">0</subfield>
    <subfield code="1">0</subfield>
    <subfield code="4">0</subfield>
    <subfield code="7">0</subfield>
    <subfield code="a">BIDOC</subfield>
    <subfield code="b">BIDOC</subfield>
    <subfield code="d">2005-05-08</subfield>
    <subfield code="l">0</subfield>
    <subfield code="o">T.ESAC.2002.010</subfield>
    <subfield code="r">2009-02-28 00:00:00</subfield>
    <subfield code="t">03</subfield>
    <subfield code="w">2009-02-28</subfield>
    <subfield code="y">LIVR</subfield>
    <subfield code="z">A.8295</subfield>
  </datafield>
</record>
